Multi-dimensional modal logic /

Bibliographic Details
Main Author: Marx, Maarten
Other Authors: Venema, Yde, 1963-
Format: Book
Language:English
Published: Dordrecht ; Boston, Mass. : Kluwer Academic Publishers, [1997]
Series:Applied logic series ; v. 4.
Subjects:

MARC

Tag First Indicator Second Indicator Subfields
LEADER 00000cam a2200000 a 4500
001 in00001351221
005 20151006060426.0
008 961108s1997 ne a b 001 0 eng
010 |a  96049525  
020 |a 079234345X (hc : alk. paper) 
035 |a (OCoLC)35955234 
035 |9 AHG0578AM 
040 |a DLC  |c DLC  |d TXA  |d UtOrBLW 
049 |a TXAM 
050 0 0 |a QA9.46  |b .M37 1997 
082 0 0 |a 511.3  |2 21 
100 1 |a Marx, Maarten. 
245 1 0 |a Multi-dimensional modal logic /  |c by Maarten Marx and Yde Venema. 
264 1 |a Dordrecht ;  |a Boston, Mass. :  |b Kluwer Academic Publishers,  |c [1997] 
264 4 |c ©1997 
300 |a xiii, 239 pages :  |b illustrations ;  |c 25 cm. 
336 |a text  |b txt  |2 rdacontent 
337 |a unmediated  |b n  |2 rdamedia 
338 |a volume  |b nc  |2 rdacarrier 
490 1 |a Applied logic series ;  |v v. 4 
504 |a Includes bibliographical references and index. 
650 0 |a Modality (Logic) 
700 1 |a Venema, Yde,  |d 1963- 
830 0 |a Applied logic series ;  |v v. 4. 
999 |a MARS 
999 f f |s 15a46e00-3a60-3b6a-944d-f9e93724915e  |i 720d3648-21c2-3856-b4b2-f616c1bc7ebc  |t 0 
952 f f |p ric  |a Texas A&M University  |b Rellis Campus  |c Joint Library Facility  |d Remote Storage  |t 0  |e QA9.46 .M37 1997  |h Library of Congress classification  |i unmediated -- volume  |m A14821097302 
998 f f |a QA9.46 .M37 1997  |t 0  |l Remote Storage